1451 1319 1128 1518 1565 1028 1528 1683 1773 1581 1911 1380 1294 1531 1744 1421 1139 1687 1584 1311 1257 1695 1742 1458 1349 1923 1977 1828 1696 1992 1154 1634 1153 1561 1526 1886 1212 1567 1957 1469 1063 1565 1695 1311 1751 1831 1716 1197 1786 1606 1630 1094 1071 1797 1687 1333 1657 1791 1291 1743 1404 1946 1037 1989 1902 1135 1085 1374 1892 1184 1436 1329 1417 1445 1221 1749 1761 1745 1839 1623 1327 1272 1988 1568 1818 1457 1270 1348 1906 1395 1981 1753 1839 1541 1231 1418 1921 1970 1337 BCNSPRNW ULIB Ver.6.0+V

เปลี่ยนเป็นภาษาไทย

Change to English
 แสดงรายละเอียดบรรณานุกรม
  กลับหน้าหลัก

Brief Record : Get Marc (ISO 2709) : E-mail record : QR code < ปิดหน้าต่าง
LEADER : 00000nam 2200000uu 4500
001    13399120818
003     ULIB
008    121017s2547||||th 000 0 tha d
020    ^a9749155459
041 0  ^atha
060 04 ^aWY157^bต364
100 0  ^aตติรัตน์ สุวรรณสุจริต.
245 10 ^aการพยาบาลมารดาที่ได้รับการผ่าตัดคลอด/^cตติรัตน์ สุวรรณสุจริต.
250    ^aพิมพ์ครั้งที่ 2
260    ^aชลบุรี :^bภาควิชาการพยาบาลแม่และเด็ก คณะพยาบาลศาสตร์ มหาวิทยาลัยบูรพา,^c2547
300    ^a146 หน้า :^bภาพประกอบ
650  7 ^aการคลอด
650  7 ^aการผ่าท้องคลอด
650  7 ^aการพยาบาลสูติศาสตร์
710 2  ^aมหาวิทยาลัยบูรพา.^bคณะพยาบาลศาสตร์.^bภาควิชาการพยาบาลแม่และเด็ก.
945    ^p0^l0^i24037
995    ^aกัณชพร
999 ^a ใช้งานได้ทุกระบบ
รายการนี้ยังไม่มีแท็ก
คุณยังไม่ได้ล็อกอิน คุณสามารถมีกิจกรรมร่วมกับเว็บไซต์ได้ แต่ต้องล็อกอินก่อน ::
  ล็อกอิน

รายการสื่อสารสนเทศ

ลำดับที่ ประเภท เลขเรียก/บาร์โค้ด สถานที่ สถานะ
1. วิทยาศาสตร์การแพทย์ และสุขภาพ
วิทยาศาสตร์การแพทย์ และสุขภาพ
WY157 ต364  
  Barcode: 24037
ห้องสมุดวิทยาเขตสวรรค์ประชารักษ์
►หนังสือทั่วไป
ถูกยืม กำหนดส่งวันที่ 11 พฤษภาคม 2558
  จอง

รายการใกล้เคียง
    ผู้แต่ง [ตติรัตน์ สุวรรณสุจริต.]

    หัวเรื่อง [การคลอด]
    หัวเรื่อง [การผ่าท้องคลอด]
    หัวเรื่อง [การพยาบาลสูติศาสตร์]

BibComment


ยังไม่เคยถูกคอมเมนท์

คอมเมนท์ทรัพยากรรายการนี้
  คอมเมนท์: การพยาบาลมารดาที..


 Copyright 2026. Bcnsprnw @Library